| 000 | 00795nam a22002057a 4500 | ||
|---|---|---|---|
| 999 |
_c17116 _d17116 |
||
| 003 | AR-CdUCM | ||
| 008 | 190507b ||||| |||| 00| 0 spa d | ||
| 040 |
_aMUNICIPALIDAD PROVINCIAL DEL CUSCO _cBIBLIOTECA MUNICIPAL DEL CUSCO |
||
| 082 |
_a346.2 / _bU58 |
||
| 100 |
_aUre, Ernesto J. _926273 |
||
| 245 | _aEl delito de incumplimiento de los deberes de asistencia familiar / | ||
| 260 |
_aArgentina : _bAbeledo, _c1960. |
||
| 300 |
_a95 páginas ; _c20 cm. |
||
| 505 | _aRazones que fundamentan de incriminación -- Opiniones adversas -- La legislación Rusa -- Sistemas tipos y tendencias en la legislación comparada -- Estructura del delito en la ley argentina,,, | ||
| 650 |
_aLey. _97887 |
||
| 650 |
_aDerecho. _9739 |
||
| 650 |
_aDelito. _95138 |
||
| 942 |
_2ddc _cLIBROS |
||
| 945 | _awfj | ||